| 000 | 00801nam a2200229Ia 4500 | ||
|---|---|---|---|
| 003 | GCL | ||
| 008 | 140319s9999 xx 000 0 ara d | ||
| 040 |
_aGCL / _cGCL |
||
| 082 | 0 | 4 |
_a512 _bر ر |
| 100 | 1 | _aرشدى راشد (محقق ومترجم) | |
| 245 | 1 | 0 |
_aرسائل الخيام الجبرية / _cرشدى راشد (محقق ومترجم) |
| 700 | 1 | _aاحمد جبار | |
| 260 |
_a[S.N] : _bمعهد التراث العلمى العربى ، _c1981 |
||
| 300 | _a380 ص | ||
| 490 |
_aمصادر ودراسات فى تاريخ الرياضيات العربية _v0 |
||
| 650 | 0 | 4 | _aالجبر |
| 650 | 0 | 4 | _aالعلوم عند العرب |
| 650 | 0 | 4 | _aالحضارة الاسلامية |
| 650 | 0 | 4 | _aالحساب |
| 650 | 0 | 4 | _aالرياضيات العربية |
| 942 |
_2ddc _cBK |
||
| 999 |
_c35856 _d35856 |
||